| 000 | 00876nam a2200289 i 4500 | ||
|---|---|---|---|
| 001 | 000031692 | ||
| 003 | DO-SdBNP | ||
| 005 | 20230612143215.0 | ||
| 007 | ta | ||
| 008 | 100217s1966 dr 000 0 spa d | ||
| 040 |
_aDO-SdBNP _bspa _cBNPHU _erda |
||
| 082 |
_a342.7293023 _bR426c, 1966 _222 |
||
| 100 | _935843 | ||
| 110 |
_aRepública Dominicana _9447 |
||
| 245 | 1 | 0 | _aConstitución de la República Dominicana |
| 260 |
_bDalís, _c1998. |
||
| 264 |
_aSanto Domingo : _b[sin nombre], _c1966 |
||
| 300 |
_a35 paginas. ; _c21 cm. |
||
| 336 |
_2rdacontent _atexto _btxt |
||
| 337 |
_2rdamedia _asin mediación _bn |
||
| 338 |
_2rdacarrier _avolumen _bnc |
||
| 590 | _aInventariado, 2023 / DG | ||
| 651 | 4 |
_aRepública Dominicana _xConstitución (1994{Rpara} _935348 |
|
| 651 | 4 |
_aRepública Dominicana _xDerecho Constitucional _99303 |
|
| 910 | _aDG | ||
| 942 |
_2ddc _cLF2 |
||
| 999 |
_c53776 _d53776 |
||